000 00512nam a2200217Ia 4500
003 OSt
005 20220924152600.0
006 a|||||r|||| 00| 0
007 ta
008 220923b |||||||| |||| 00| 0 guj d
024 _a343263
037 _cTextual
040 _aARTS
_cARTS
_bguj
041 _2guj
_aguj
082 _aa12-215, 156D9
245 0 _aJain grantavali
260 _c1909
650 _aBIBLIOGRAPHY
942 _ha12-215, 156D9
_cTEXL
_2CC
999 _c470351
_d470351